000 00512 a2200193 4500
001 109302
020 _a9788574067162
041 _apor
082 _aAP Year 2 028
100 _aMachado, Ana Maria.
250 _a1. ed.
697 _aLiteratura infantojuvenil.
856 _u00000b/00000b10.jpg
040 _aBR-BrIDEA
_cBR-BrIDEA
090 _aAP Year 2 028
_bMAC
245 1 0 _aA maravilhosa ponte do meu irmão
_c Ana Maria Mchado
260 _aSão Paulo
_bCompanhia das Letrinhas
_c2016
942 _cBK
999 _c109302
_d109302